000 00836 a2200277 4500
999 _c200131144
_d24122
001 200131144
003 TR-AnTOB
005 20220801100140.0
008 150219b tu 000 0
040 _aTR-AnTOB
_cTR-AnTOB
041 _aeng
050 _aNC730
_bE37 2011
090 _aNC730.E37 2011
100 1 _aEissen, Koos
_963790
245 1 0 _aSketching :
_bthe basics /
_ccKoos Eissen and Roselien Steur.
264 1 _aAmsterdam :
_bBIS,
_c2011
300 _a302 p. :
_bbill. (some col.) ;
_c28 cm
500 _aIncludes bibliographical references (p. 200)
650 0 7 _aÇizim
_xTeknik
_2etuturkob
_9137914
650 0 _aProduct design
_xTechnological innovations
_993432
650 0 0 _aDrawing
_xTechnique
_963792
650 0 _aÜrün tasarımı
_979717
700 1 _aSteur, Roselien
_963791
942 _cBK
_2lcc